| 000 | 00598aam a2200253 4500 | ||
|---|---|---|---|
| 005 | 20240509105218.0 | ||
| 008 | 150716b2006 xxu||||| |||| 00| 0 eng d | ||
| 041 | _aING | ||
| 082 | _a917.286.04 S731s | ||
| 245 | _aA Souvenir from La Paz Waterfall Gardens | ||
| 260 | _aCosta Rica | ||
| 260 | _bJadine | ||
| 260 | _c2006 | ||
| 300 | _a24 páginas | ||
| 505 | _aIncluye fotografías | ||
| 650 | _aGUÍAS TURÍSTICAS | ||
| 650 | _aCOSTA RICA | ||
| 650 | _aCATARATA LA PAZ | ||
| 650 | _aPUERTO VIEJO | ||
| 650 | _aSARAPIQUI | ||
| 650 | _aHEREDIA | ||
| 942 |
_cBK _2ddc |
||
| 999 |
_c1804 _d1804 |
||